Tarihsel bayraklar sınavı - Statistics

General Stats
  • This quiz has been taken 70 times
  • The average score is 4 of 16
Answer Stats
Picture Answer % Correct
Roma
97%
Bizans
86%
Göktürk
83%
Avrupa Hun
53%
Batı Roma
25%
Sasaniler
19%
Avarlar
7%
Hazar Kağanlığı
7%
Kalmar Birliği
7%
Franklar
5%
Kazan Hanlığı
5%
Bulgar İmparatorluğu
3%
Vizigotlar
3%
Artaksiad
2%
İsveç Krallığı
2%
Wessex
2%
No matching quizzes found
Score Distribution
Percent of People with Each Score
Percentile by Number Answered
Your Score History
You have not taken this quiz